Score 0/10 Timer 02:00
1 Play Today
Clue D-Word % Correct
500, in Roman numeralsD
100%
A pairduo
95.8%
An afro or a beehive, e.g.do
95.6%
A small star or a person of very small staturedwarf
83.2%
Like a tree that loses its leaves once a yeardeciduous
60.6%
An equestrian event involving precision movements by the horsedressage
53.5%
The eldest son of the King of Francedauphin
32.6%
To punish or penalize for the sake of teaching a lessondiscipline
30.5%
The basic principles of existence in Buddhismdharma
30.2%
A unit of force in the cgs systemdyne
19.3%

You're not logged in!

Compare scores with friends on all Sporcle quizzes.
OR
Log In

Sporcle TV

Today on Sporcle TV


Watch our educational content, quiz creation guides, and fun videos on Sporcle TV.

Show Comments

Extras

Top Quizzes Today


Score Distribution

Paid Content

Your Account Isn't Verified!

In order to create a playlist on Sporcle, you need to verify the email address you used during registration. Go to your Sporcle Settings to finish the process.

Report this User

Report this user for behavior that violates our Community Guidelines.

Details: